All Brazilian Wars - Statistics

General Stats
  • This quiz has been taken 24 times
  • The average score is 6 of 18
Answer Stats
Years War % Correct
1864-1870 Paraguayan War
95%
1917-1918 WW1
81%
1942-1945 WW2
81%
1864-1865 Uruguayan War
76%
1822-1825 Brazilian War of Independence
62%
1899-1903 Acre War
29%
1825-1828 Cisplatine War
24%
1896-1897 War of Canudos
19%
1965 Dominican Civil War
14%
1835-1845 Ragamuffin War
14%
1837-1838 Sabinada
14%
1893-1895 Federalist Revolution
10%
1851-1852 Platine War
10%
1835-1840 Cabanagem
5%
1932 Constitutionalist Revolution
5%
1912-1916 Contestado War
5%
1828 Mercenary Revolt
5%
1893-1897 Trinidad Conflict
5%
No matching quizzes found
Score Distribution
Percent of People with Each Score
Percentile by Number Answered
Your Score History
You have not taken this quiz